Statistics for Paul Simon Hits!

Click here to take the quiz!

General Stats

  • This quiz has been taken 35 times
  • The average score is 13 of 35

Answer Stats

RankingAnswer% Correct
#2You Can Call Me Al
87%
#9Bridge Over Troubled Water
83%
#3Graceland
70%
#33Mrs. Robinson
70%
#28Sound of Silence
67%
#7The Boxer
63%
#650 Ways to Leave Your Lover
60%
#4Kodachrome
60%
#32America
57%
#5Diamonds on the Soles of Her Shoes
57%
#1Me and Julio Down by the Schoolyard
53%
#34Cecilia
50%
#29Scarborough Fair
50%
#8Still Crazy After All These Years
43%
#35Homeward Bound
40%
#13Slip Slidin' Away
40%
#11Late In The Evening
33%
#12The Boy In the Bubble
33%
#16Mother and Child Reunion
30%
#18Hearts and Bones
23%
#30I am A Rock
23%
#10Under African Skies
23%
#15Duncan
20%
#14Loves Me Like a Rock
20%
#17The Obvious Child
20%
#31April Come She Will
17%
#20Father and Daughter
17%
#27The Only Living Boy in New York
17%
#22Train In the Distance
13%
#19Something So Right
7%
#25Born In Puerto Rico
3%
#23Darling Lorraine
3%
#21Peace Like A River
3%
#26Peace Like a River
3%
#24Quality
3%

Score Distribution

Percentile by Number Answered

Percent of People with Each Score

Your Score History

You have not taken this quiz